03994nab a2200277 i 4500003000900000005001700009008004100026040001800067072001400085100003000099100002800129100002800157100003000185245012800215500006700343520137500410520157601785650001403361650002003375650001303395650001303408773018903421856007903610942000803689999001903697BR-BrBNA20260414135740.0260414b2019 bl.qr|pooa||| 00| eng | aBR-BrBNAbeng aH10b4030 aMoreira, Marciene Dantas  aNunes, Gilmar da Silva  aOliveira, Robério de  aBatista, Jacinto de Luna  aPredation of Ceraeochrysa cubana (Hagen) (Neuroptera: Chrysopidae) on Hyadaphis foeniculi (Passerini) (Hemiptera: Aphididae a Publicação online; 24 ref.; 4 tables; Summaries (En, Pt) a ABSTRACT: This research aimed to evaluate the consumption of Hyadaphis foeniculi by Ceraeochrysa cubana larvae, based on the densities and developmental stages of the prey, as well as the predator searching and handling time, regarding its instar and previous feeding knowledge. In order to evaluate the predation rate, larvae of first, second and third instars of C. cubana were used, which were fed with aphids from first and second instars, from third and fourth instar, and from different instars, at three densities. For searching time and handling evaluation, green lacewing larvae were submitted to different feeding regimens: second instar larvae fed at the first instar with Anagasta kuehniella eggs; second instar larvae, fed at the first instar with H. foeniculi; third instar larvae, fed at the first and second instars with A. kuehniella eggs; third instar larvae, fed at the first instar with the eggs of A. kuehniella and at the second instar with H. foeniculi; third instar larvae, fed at the first and second instars with H. foeniculi. It can be concluded that the daily C. cubana predation rate is influenced by H. foeniculi densities and instars, but the predator searching and handling times are not influenced by the diets provided to them in their previous stages. Key words: aphids; consumption rate; fennel; green lacewing a RESUMO: Objetivou-se nesta pesquisa avaliar o consumo de Hyadaphis foeniculi por larvas de Ceraeochrysa cubana em função das densidades e fases da presa, bem como o tempo de busca e de manuseio do predador em função do ínstar e da sua experiência prévia de alimentação. Para avaliação da taxa de predação foram utilizadas larvas de 1º, 2º e 3º ínstares de C. cubana, as quais foram alimentadas com pulgões de 1º e 2º ínstares, pulgões de 3º e 4º ínstares e pulgões de diferentes ínstares, em três densidades. Para avaliação do tempo de busca e de manuseio, larvas do crisopídeo foram submetidas a diferentes regimes alimentares prévios: larvas de 2º ínstar, alimentadas no 1º ínstar com ovos de Anagasta kuehniella; larvas de 2º ínstar, alimentadas no 1º ínstar com H. foeniculi; larvas de 3º ínstar, alimentadas no 1º e 2º ínstares com ovos de A. kuehniella; larvas de 3º ínstar, alimentadas no 1º ínstar com ovos de A. kuehniella e, no 2º ínstar, com H. foeniculi; larvas de 3º ínstar, alimentadas no 1º e 2º ínstares com H. foeniculi. Pode-se concluir que a taxa de predação diária de C. cubana é influenciada pelas densidades e ínstares de H. foeniculi, mas os tempos de busca e de manuseio do predador não são influenciados pelas dietas ofertadas em seus estádios precedentes. Palavras-chave: afídeos; taxa de consumo; erva-doce; crisopídeo aERVA-DOCE aPRAGA DE PLANTA aPULGÃO aPREDADOR0 046569361589dRecife-PE Universidade Federal Rural de Pernambuco 2006o2026-1601tRevista Brasileira de Ciências Agrárias (Brazil)x1981-1160gv. 14(4) p. 1-6; (2019)wBR2026000117 uhttp://www.agraria.pro.br/ojs32/index.php/RBCA/article/view/v14i4a5878/122 cANA c341361d341361